Justicia política y justicia distributiva /
שמור ב:
| מחבר ראשי: | |
|---|---|
| פורמט: | Texto |
| נושאים: | |
| תגים: |
הוספת תג
אין תגיות, היה/י הראשונ/ה לתייג את הרשומה!
|
MARC
| LEADER | 00000 a a2200000 04500 | ||
|---|---|---|---|
| 001 | 3820 | ||
| 003 | |||
| 040 | |||
| 100 | |a Godoy Arcaya, Oscar | ||
| 245 | |a Justicia política y justicia distributiva / |c Oscar Godoy Arcaya | ||
| 650 | |a JUSTICIA SOCIAL | ||
| 650 | |a PROPIEDAD | ||
| 650 | |a DISTRIBUCION DE LA RIQUEZA | ||
| 650 | |a DEMOCRACIA | ||
| 650 | |a BIENES | ||
| 773 | |g volumen 17, número 3 (67); páginas 7-25 | ||
| 999 | |c 22325 |d 22325 | ||
